000 00729nam a22002657a 4500
003 CHAP
005 20220329140525.0
008 971013s r 00010 d
010 _a53311
011 _a54283
035 _a58434
040 _cCHAP
082 _a632.954
_bW4 1979
110 _aWeed Science Society of America
_9121328
245 _aHerbicide handbook
250 _a4 ed.
260 _aChampaing, Ill. :
_bThe Weed,
_c199
300 _a479 p.
590 _aBATCH-UPD
_b10
_c20130110
_lUCH01
_h0910
590 _aCONVERSION
_b10
_c20130109
_lUCH01
_h1329
650 1 4 _aHerbicidas.
_953691
901 _aBK
942 _cLIBRO
949 _a632.954 W4 1979
_bBC
_cC
_d33724000570040
_eC
_h47959
_i58434
_mD
_si
_t190.00
999 _c53311
_d53311